[Event "La Paz GP op 3rd"]
[Site "La Paz"]
[Date "2023.08.19"]
[Round "5"]
[White "Cuentas Molina, Adrian"]
[Black "Ribera, Miguel Angel"]
[Result "0-1"]
[WhiteElo "1214"]
[BlackElo "1911"]
[PlyCount "56"]
[EventDate "2023.08.17"]
[EventType "swiss"]
[EventRounds "7"]
[EventCountry "BOL"]
[SourceTitle "EXT 2024"]
[Source "ChessBase"]
[SourceDate "2023.10.10"]
[SourceVersion "1"]
[SourceVersionDate "2023.10.10"]
[SourceQuality "1"]

1. e4 c5 2. c3 Nf6 3. e5 Nd5 4. d4 cxd4 5. cxd4 d6 6. Nf3 Nc6 7. Bc4 Nb6 8. Bb5 dxe5 9. Nxe5 Bd7 10. Nxd7 Qxd7 11. Nc3 e6 12. 0-0 Bd6 13. Qg4 0-0 14. d5 Ne5 15. Qe4 Qe7 16. dxe6 fxe6 17. f4 Ng4 18. Bd3 Qh4 19. Qxe6+ Kh8 20. h3 Bc5+ 21. Kh1 Nf2+ 22. Rxf2 Qxf2 23. Kh2 Qg1+ 24. Kg3 Bf2+ 25. Kf3 Rae8 26. Qg4 Be3 27. Qh4 Rxf4+ 28. Qxf4 Bxf4 0-1

[Event "Santa Cruz op 5th"]
[Site "Santa Cruz"]
[Date "2023.02.17"]
[Round "4"]
[White "Lilienfeld Quevedo, Daniel"]
[Black "Ribera, Miguel Angel"]
[Result "0-1"]
[WhiteElo "1466"]
[BlackElo "1910"]
[PlyCount "85"]
[EventDate "2023.02.16"]
[EventType "swiss"]
[EventRounds "7"]
[EventCountry "BOL"]
[SourceTitle "CBM 212 Extra"]
[Source "ChessBase"]
[SourceDate "2023.03.31"]
[SourceVersion "1"]
[SourceVersionDate "2023.03.31"]
[SourceQuality "1"]

1. e4 c5 2. Nf3 g6 3. c3 d6 4. d4 cxd4 5. cxd4 Bg7 6. Nc3 Nf6 7. h3 Nc6 8. Be3 0-0 9. Bd3 a6 10. 0-0 b5 11. Rc1 Bb7 12. Re1 Rc8 13. Qd2 Na5 14. b3 b4 15. Na4 Bxe4 16. Bxe4 Nxe4 17. Qxb4 Rb8 18. Qa3 Nf6 19. Nb2 Qb6 20. Nc4 Nxc4 21. Rxc4 Rfc8 22. Rec1 Qb7 23. Qa5 Rxc4 24. Rxc4 Rc8 25. Qc3 Rxc4 26. Qxc4 h6 27. b4 Nd5 28. Bd2 Qb5 29. Qb3 Nb6 30. Be3 g5 31. a3 e6 32. Nd2 Qd7 33. Qd3 Qc8 34. Ne4 Qc7 35. Kf1 f5 36. Nc3 f4 37. Bc1 Qc4 38. Qxc4 Nxc4 39. Ne2 Kf7 40. Ke1 Kf6 41. a4 Kf5 42. b5 axb5 43. Nc3 0-1

[Event "Sucre op"]
[Site "Sucre"]
[Date "2022.10.14"]
[Round "4"]
[White "Ribera, Miguel Angel"]
[Black "Ferrufino, Boris"]
[Result "1/2-1/2"]
[WhiteElo "1897"]
[BlackElo "1919"]
[PlyCount "102"]
[EventDate "2022.10.13"]
[EventType "swiss"]
[EventRounds "7"]
[EventCountry "BOL"]
[SourceTitle "CBM 210 Extra"]
[Source "ChessBase"]
[SourceDate "2022.11.30"]
[SourceVersion "1"]
[SourceVersionDate "2022.11.30"]
[SourceQuality "1"]

1. e4 c5 2. c4 Nc6 3. Nc3 g6 4. g3 Bg7 5. Bg2 d6 6. d3 e6 7. Nge2 Nge7 8. Rb1 0-0 9. 0-0 a6 10. a3 Nd4 11. b4 Nec6 12. f4 Nxe2+ 13. Nxe2 Rb8 14. Be3 Nd4 15. Kh1 b6 16. Bxd4 cxd4 17. Qb3 Bb7 18. a4 Kh8 19. Qa3 f5 20. a5 b5 21. cxb5 axb5 22. Qb3 Qd7 23. Rbc1 Rbc8 24. h3 fxe4 25. dxe4 Ba6 26. h4 Rc4 27. Bh3 Rfc8 28. Kh2 Bb7 29. Qd3 R8c7 30. f5 exf5 31. exf5 Rxc1 32. Rxc1 Rxc1 33. Nxc1 Qc6 34. Qf1 Qc2+ 35. Kg1 Bh6 36. Nd3 Be3+ 37. Nf2 gxf5 38. Bg2 Be4 39. Bxe4 fxe4 40. Qe1 d5 41. a6 Qa2 42. Kg2 Qxa6 43. Ng4 Bh6 44. Qf2 Bg7 45. Qf7 Qc6 46. h5 d3 47. h6 Bxh6 48. Nf6 Qc2+ 49. Kh1 Qd1+ 50. Kh2 Qc2+ 51. Kh1 Qd1+ 1/2-1/2